| Tag |
First Indicator |
Second Indicator |
Subfields |
| LEADER |
00000cam a2200000 i 4500 |
| 001 |
in00003423021 |
| 005 |
20151206084805.0 |
| 008 |
130307s2013 nyu 000 1 eng |
| 010 |
|
|
|a 2013001589
|
| 020 |
|
|
|a 9780805094404
|
| 020 |
|
|
|a 0805094407
|
| 029 |
1 |
|
|a AU@
|b 000050619900
|
| 029 |
1 |
|
|a AU@
|b 000051870578
|
| 035 |
|
|
|a (OCoLC)ocn811597675
|
| 035 |
|
|
|a (OCoLC)811597675
|
| 040 |
|
|
|a DLC
|b eng
|e rda
|c DLC
|d IG#
|d BTCTA
|d BDX
|d OCLCO
|d UPZ
|d ZAD
|d IEB
|d YDXCP
|d WIM
|d FOLLT
|d UtOrBLW
|
| 043 |
|
|
|a e-ie---
|
| 049 |
|
|
|a TXAM
|
| 050 |
0 |
0 |
|a PR6052.A57
|b H65 2013
|
| 082 |
0 |
0 |
|a 823/.914
|2 23
|
| 100 |
1 |
|
|a Black, Benjamin,
|d 1945-
|e author.
|
| 245 |
1 |
0 |
|a Holy orders :
|b a Quirke novel /
|c Benjamin Black.
|
| 250 |
|
|
|a First edition.
|
| 264 |
|
1 |
|a New York :
|b Henry Holt and Company,
|c 2013.
|
| 300 |
|
|
|a 288 pages ;
|c 25 cm
|
| 336 |
|
|
|a text
|b txt
|2 rdacontent
|
| 337 |
|
|
|a unmediated
|b n
|2 rdamedia
|
| 338 |
|
|
|a volume
|b nc
|2 rdacarrier
|
| 520 |
|
|
|a When the body of his daughter's friend is brought to his autopsy table, Quirke is plunged into a world of corruption that takes him to the darkest corners of the Irish Church and State.--
|c Publisher's description
|
| 650 |
|
0 |
|a Police
|z Ireland
|z Dublin
|v Fiction.
|
| 650 |
|
0 |
|a Pathologists
|v Fiction.
|
| 610 |
2 |
0 |
|a Catholic Church
|z Ireland
|z Dublin
|v Fiction.
|
| 650 |
|
0 |
|a Murder
|x Investigation
|v Fiction.
|
| 651 |
|
0 |
|a Dublin (Ireland)
|v Fiction.
|
| 655 |
|
0 |
|a Psychological fiction.
|
| 655 |
|
7 |
|a Mystery fiction.
|2 gsafd
|
| 938 |
|
|
|a Ingram
|b INGR
|n 9780805094404
|
| 938 |
|
|
|a Baker and Taylor
|b BTCP
|n BK0012199119
|
| 938 |
|
|
|a Brodart
|b BROD
|n 103833447
|
| 938 |
|
|
|a YBP Library Services
|b YANK
|n 9727908
|
| 947 |
|
|
|a A14840634650
|
| 945 |
|
|
|a PromptCat
|b 457567
|
| 946 |
|
|
|a stk
|
| 994 |
|
|
|a 92
|b TXA
|
| 948 |
|
|
|a Cataloged
|b h
|c 2013/9/11
|d c
|e EGrant
|
| 999 |
|
|
|a MARS
|
| 999 |
f |
f |
|s 6814c56d-ddf5-3064-95b0-2282aeddfb31
|i 7f07b544-ff45-3131-a829-09697d19e5ac
|t 0
|
| 952 |
f |
f |
|p normal
|a Texas A&M University
|b College Station
|c Sterling C. Evans Library
|d Evans: Library Stacks
|t 0
|e PR6052.A57 H65 2013
|h Library of Congress classification
|i unmediated -- volume
|m A14840634650
|
| 998 |
f |
f |
|a PR6052.A57 H65 2013
|t 0
|l Evans: Library Stacks
|